Problematika ochrany ovzdušia pred znečisťovaním kotolňami ústredného kúrenia Zborník prednášok. Trenčianské Teplice 9.-10. apríla 1987

Salvato in:
Dettagli Bibliografici
Natura: Libro
Lingua:slovacco
Pubblicazione: Žilina Dom techn. ČSVTS 1987
Edizione:1. vyd.
Tags: Aggiungi Tag
Nessun Tag, puoi essere il primo ad aggiungerne!!

MARC

LEADER 00000nam a2200000 4500
001 c035637
005 20221219095035.6
041 0 |a slo 
044 |a SK 
245 1 0 |a Problematika ochrany ovzdušia pred znečisťovaním kotolňami ústredného kúrenia  |b Zborník prednášok. Trenčianské Teplice 9.-10. apríla 1987 
250 |a 1. vyd. 
264 1 |a Žilina  |b Dom techn. ČSVTS  |c 1987 
300 |a 110 s.